00707nam a2200181 a 450000100100000000500170001000800410002702000180006804000250008608200160011124501250012726000630025230000210031550400320033659000260036895201140039499900170050800004767020201002060652.0090702s2013 dr r 000 0 spa d a9789945471632 aDO-SdBNPbspacBNPHU axxxxbD611m00aDiscípulos misioneros en le mundo de la salud. :bguía para la pastoral de la salud en América Latina y el Caribe. aSanto Domingo :bConsejo Episcopal Latinoamericano,c2013. a119 p. ;c22 cm. aBibliografía : p. 115-118 aInventariado, 2020/BT 0010718PDaPDbPDcHDd2018-07-16iLF1l0oxxxx D611mp47670-10r2020-06-25w2020-06-25yLFPDZNo se presta c47158d47158